000 00663nam a2200205 i 4500
001 93831
003 ES-MaACL
005 20250809044417.0
007 t|
008 050420s1971 sp ||||1| spa d
100 1 _aLópez y López, Angel Manuel.
_974034
245 1 3 _aLa poesión de estado familiar /
_cpor Angel Manuel López y López.
260 _aSevilla :
_bUniversidad,
_c1971.
300 _a174 p. ;
_c24 cm.
490 1 _aAnales Universidad Hispalense. Derecho ;
_v12
710 2 _aUniversidad de Sevilla.
_97301
830 0 _aAnales Universidad Hispalense. Derecho
_v12
_9182989
852 _aES-MaACL
_jC-40966
_bR.80310
999 _c93831
_d93831